| 000 | 00000nam 2200000za 4500 |
| 001 | 9.857604 |
| 003 | CaOODSP |
| 005 | 20221107155809 |
| 007 | cr ||||||||||| |
| 008 | 180612t20171998onca o f000 0 eng d |
| 020 | |z0662387805 |
| 040 | |aCaOODSP|beng |
| 043 | |an-cn--- |
| 086 | 1 |aNH15-114/2017E-PDF|zNH15-114/2004E |
| 245 | 00|aHomebuying step by step |h[electronic resource] : |byour guide to buying a home in Canada. |
| 246 | 30|aYour guide to buying a home in Canada |
| 250 | |aRev. ed. |
| 260 | |a[Ottawa] : |bCanada Mortgage and Housing Corporation, |c2017, c1998. |
| 300 | |a24 p. : |bcol. ill. |
| 500 | |aIssued also in French under title: L'achat d'une maison étape par étape : votre guide pour acheter une maison au Canada. |
| 500 | |aIncorrect catalogue number (NH15-114/2004E) and ISBN (0-662-38780-5) printed in this publication. |
| 520 | |a"Are you thinking of buying a home? This 28-page guide will lead you through the homebuying process in 5 simple steps. It will help you assess your finances, calculate homebuying costs, explore mortgage options and choose the right home. It's perfect for first-time buyers and anyone house hunting again. This guide has a companion workbook, Homebuying Step by Step: Workbook and Checklists"--Provided by publisher. |
| 530 | |aIssued also in print format. |
| 693 | 4|aHouse buying |
| 693 | 4|aHome ownership |
| 693 | 4|aHandbooks |
| 710 | 2 |aCanada Mortgage and Housing Corporation. |
| 775 | 08|tL’achat d’une maison étape par étape |w(CaOODSP)9.857605 |
| 856 | 40|qPDF|s1.66 MB|uhttps://publications.gc.ca/collections/collection_2018/schl-cmhc/NH15-114-2017-eng.pdf |
| 986 | |a60946 |